00956nam a2200241 i 4500003000900000005001700009007000300026008004100029040003000070082001200100100003400112245007000146246003700216264007300253300003600326336002700362337003400389338002800423500003300451500010800484500008800592700003400680DO-SdBNP20240305094533.0ta110413s1999 dr c 000 0 spa d aDO-SdBNPbspacBNPHUerda bU752221 aUreña Rib, Fernando,d1951-14aLas dadoras /cFernando Ureña Rib : fotografías Eric Laignel 1 aObras recientes = Recent Works / 1aSanto Domingo :b[Banco de Reservas],bMuseo de Arte Moderno,c1999. a21 páginas bretratosc28 cm. 2rdacontentatextobtxt 2rdamediaasin mediación bn 2rdacarrieravolumenbnc aDatos en español e ingles. aIncluye datos biográficos del autor, en español en la página 20 y en ingles en la 1ra. página.  aMas datos informativos en una invitación de la obra que esta en un invitación. 1 aLaignel, Ericefotografías